000 00566nam a2200193 a 4500
001 1769854928110
003 YourLibrary
005 20260131162127.0
008 260131s2007##################000#0#eng##
020 _a9780073377421
082 0 4 _a332.0240145
_bALL
100 1 _aJr. Allen, Everett,
_eauthor.
245 1 0 _aRetirement Plans: 401(k)s, IRAs and Other Deferred Compensation Approaches :
260 _bMcGraw-Hill/Irwin,
_c2007.
300 _a672 pages
650 0 _aBusiness & Economics.
942 _cENGLISH
040 _aYourLibrary
_beng
_cYourLibrary
999 _c609614
_d609614